000
00321 a2200109 4500
001
ART_11443
005
20260410161857.0
008
260409a
245
1
0
_a
Macroeconomía y sector agropecuario
100
1
_a
Visintini, Alfredo
773
0
_t
Revista de Economía
_g
- Nº 73 (abr./jun. 1994)
_w
REV11077
999
_c
25580
_d
25580